町域クイズ - 沖縄県 - Statistics

General Stats
  • This quiz has been taken 10 times
  • The average score is 141 of 763
Answer Stats
市町村 町域 % Correct
石垣市 石垣
71%
本部町 | 沖縄市 | 粟国村
71%
| 北大東村
71%
71%
浦添市 経塚
57%
浦添市 西原
57%
| 粟国村 西
57%
渡嘉敷
57%
名護
57%
糸満市 糸満
43%
糸満市 武富
43%
浦添市 安波茶
43%
浦添市 仲間
43%
浦添市 前田
43%
うるま市 西原
43%
うるま市 | 久米島町 具志川
43%
宜野湾市 宜野湾
43%
恩納村 恩納
43%
金武町 金武
43%
宜野座村 宜野座
43%
国頭村 安波
43%
国頭村 宇良
43%
国頭村 与那
43%
| 東村 平良
43%
本部町 具志堅
43%
伊是名村 伊是名
43%
| 北大東村
43%
久米島町 奥武
43%
久米島町 仲地
43%
| 久米島町 比嘉
43%
本部
43%
東風平
43%
与那原
43%
豊見城
43%
嘉手納町 嘉手納
43%
大城
43%
北谷
43%
大木
43%
43%
久米
43%
具志
43%
竹富
43%
与那国町 与那国
43%
伊江村 | 石垣市 川平
29%
石垣市 登野城
29%
石垣市 美崎町
29%
石垣市 八島町
29%
| 糸満市 新垣
29%
沖縄市 | 糸満市 大里
29%
糸満市 賀数
29%
| 浦添市 内間
29%
浦添市 沢岻
29%
浦添市 当山
29%
浦添市 牧港
29%
| 浦添市 港川
29%
| 大宜味村 | 東村 | 浦添市 宮城
29%
うるま市 | 本部町 石川
29%
うるま市 | 大宜味村 江洲
29%
うるま市 田場
29%
沖縄市 越来
29%
沖縄市 中央
29%
沖縄市 諸見里
29%
| 大宜味村 | 宜野湾市 上原
29%
| 宜野湾市 嘉数
29%
大宜味村 大宜味
29%
大宜味村 饒波
29%
恩納村 名嘉真
29%
恩納村 前兼久
29%
恩納村 真栄田
29%
国頭村
29%
| 国頭村 | 粟国村
29%
今帰仁村 古宇利
29%
今帰仁村 仲宗根
29%
本部町 大堂
29%
本部町 健堅
29%
本部町 崎本部
29%
本部町 謝花
29%
伊是名村 諸見
29%
久米島町 | 伊平屋村 島尻
29%
久米島町 | 座間味村 阿嘉
29%
久米島町 北原
29%
久米島町 鳥島
29%
阿佐
29%
座間味
29%
渡嘉敷村 阿波連
29%
小城
29%
豊見城市 伊良波
29%
上田
29%
宜保
29%
保栄茂
29%
北中城村 安谷屋
29%
美崎
29%
ライカム
29%
美浜
29%
当間
29%
29%
幸地
29%
小橋川
29%
読谷村 伊良皆
29%
座喜味
29%
旭川
29%
田井等
29%
辺野古
29%
山入端
29%
世冨慶
29%
那覇市 赤嶺
29%
安謝
29%
おもろまち
29%
小禄
29%
田原
29%
牧志
29%
知念知名
29%
知念知念
29%
城辺新城
29%
西表
29%
黒島
29%
南風見
29%
波照間
29%
南風原町 | 石垣市 新川
14%
石垣市 伊原間
14%
| 石垣市 大川
14%
本部町 | 石垣市 大浜
14%
石垣市 崎枝
14%
石垣市 白保
14%
石垣市 新栄町
14%
石垣市 桃里
14%
石垣市 登野城尖閣
14%
石垣市 名蔵
14%
石垣市 野底
14%
石垣市 浜崎町
14%
石垣市 南ぬ浜町
14%
石垣市 平得
14%
石垣市 平久保
14%
石垣市 桴海
14%
石垣市 | 糸満市 真栄里
14%
石垣市 宮良
14%
石垣市 盛山
14%
糸満市 阿波根
14%
糸満市 伊敷
14%
糸満市 糸洲
14%
糸満市 伊原
14%
久米島町 | 糸満市 宇江城
14%
糸満市 大度
14%
| 久米島町 | 糸満市 兼城
14%
糸満市 北波平
14%
| うるま市 | 糸満市 喜屋武
14%
糸満市 国吉
14%
糸満市 小波蔵
14%
糸満市 米須
14%
糸満市 座波
14%
糸満市 潮崎町
14%
糸満市 潮平
14%
糸満市 束里
14%
| 沖縄市 | 糸満市 照屋
14%
| うるま市 | 本部町 | 糸満市 豊原
14%
糸満市 名城
14%
糸満市 西川町
14%
糸満市 西崎
14%
糸満市 西崎町
14%
糸満市 福地
14%
糸満市 真栄平
14%
糸満市 真壁
14%
糸満市 摩文仁
14%
糸満市 南波平
14%
久米島町 | 糸満市 山城
14%
| 糸満市 与座
14%
浦添市 伊祖
14%
浦添市 伊奈武瀬
14%
浦添市 西洲
14%
浦添市 大平
14%
浦添市 城間
14%
浦添市 小湾
14%
今帰仁村 | 伊是名村 | 浦添市 勢理客
14%
浦添市 仲西
14%
浦添市 屋富祖
14%
うるま市 赤野
14%
うるま市 | 宜野湾市 赤道
14%
うるま市 安慶名
14%
うるま市 石川赤崎
14%
うるま市 石川東山
14%
うるま市 石川東山本町
14%
うるま市 石川曙
14%
うるま市 石川石崎
14%
うるま市 石川伊波
14%
うるま市 石川嘉手苅
14%
うるま市 石川白浜
14%
うるま市 石川楚南
14%
うるま市 石川東恩納
14%
うるま市 石川東恩納崎
14%
うるま市 石川山城
14%
うるま市 | 久米島町 上江洲
14%
うるま市 宇堅
14%
うるま市 栄野比
14%
うるま市 | 久米島町 大田
14%
うるま市 勝連内間
14%
うるま市 勝連津堅
14%
うるま市 勝連南風原
14%
うるま市 勝連浜
14%
うるま市 勝連比嘉
14%
うるま市 勝連平敷屋
14%
うるま市 勝連平安名
14%
うるま市 兼箇段
14%
うるま市 川崎
14%
うるま市 | 東村 川田
14%
うるま市 喜仲
14%
うるま市 昆布
14%
うるま市 | 大宜味村 塩屋
14%
うるま市 州崎
14%
うるま市 平良川
14%
うるま市 高江洲
14%
うるま市 天願
14%
うるま市 仲嶺
14%
うるま市 前原
14%
うるま市 みどり町
14%
| うるま市 | 沖縄市 宮里
14%
| うるま市 与那城
14%
うるま市 与那城安勢理
14%
うるま市 与那城伊計
14%
うるま市 与那城池味
14%
うるま市 与那城上原
14%
うるま市 与那城中央
14%
うるま市 与那城照間
14%
うるま市 与那城桃原
14%
うるま市 与那城西原
14%
うるま市 与那城饒辺
14%
うるま市 与那城平宮
14%
うるま市 与那城平安座
14%
うるま市 与那城宮城
14%
うるま市 与那城屋慶名
14%
うるま市 与那城屋平
14%
沖縄市 明道
14%
沖縄市 安慶田
14%
沖縄市 泡瀬
14%
沖縄市 池原
14%
| 沖縄市 上地
14%
沖縄市 海邦
14%
沖縄市 海邦町
14%
沖縄市 嘉間良
14%
沖縄市 久保田
14%
沖縄市 倉敷
14%
沖縄市 古謝
14%
沖縄市 古謝津嘉山町
14%
沖縄市 胡屋
14%
沖縄市 潮乃森
14%
沖縄市 白川
14%
沖縄市 城前町
14%
沖縄市 住吉
14%
沖縄市 園田
14%
沖縄市 高原
14%
沖縄市 知花
14%
| 国頭村 | 沖縄市 桃原
14%
沖縄市 仲宗根町
14%
沖縄市 登川
14%
沖縄市 比屋根
14%
沖縄市 松本
14%
沖縄市 美里
14%
沖縄市 美里仲原町
14%
沖縄市 南桃原
14%
沖縄市 美原
14%
沖縄市 室川
14%
沖縄市 八重島
14%
沖縄市 山内
14%
久米島町 | 本部町 | 沖縄市 山里
14%
| 沖縄市 与儀
14%
宜野湾市 愛知
14%
| 宜野湾市 | 竹富町 新城
14%
宜野湾市 伊佐
14%
宜野湾市 宇地泊
14%
宜野湾市 大謝名
14%
宜野湾市 大山
14%
宜野湾市 神山
14%
宜野湾市 我如古
14%
宜野湾市 喜友名
14%
宜野湾市 佐真下
14%
宜野湾市 志真志
14%
| 宜野湾市 長田
14%
宜野湾市 野嵩
14%
宜野湾市 普天間
14%
宜野湾市 真栄原
14%
宜野湾市 真志喜
14%
伊江村 西江上
14%
伊江村 西江前
14%
伊江村 東江上
14%
伊江村 東江前
14%
大宜味村 大兼久
14%
大宜味村 押川
14%
大宜味村 喜如嘉
14%
大宜味村 白浜
14%
大宜味村 謝名城
14%
大宜味村 大保
14%
大宜味村 田嘉里
14%
大宜味村 田港
14%
大宜味村 津波
14%
大宜味村 根路銘
14%
大宜味村 屋古
14%
恩納村 安富祖
14%
恩納村 喜瀬武原
14%
恩納村 瀬良垣
14%
恩納村 | 本部町 谷茶
14%
久米島町 | 恩納村 仲泊
14%
恩納村 冨着
14%
恩納村 山田
14%
金武町 伊芸
14%
金武町 屋嘉
14%
宜野座村 漢那
14%
宜野座村 惣慶
14%
宜野座村 松田
14%
国頭村 安田
14%
国頭村 伊地
14%
国頭村 宇嘉
14%
| 国頭村 奥間
14%
国頭村 鏡地
14%
国頭村 宜名真
14%
国頭村 佐手
14%
国頭村 謝敷
14%
国頭村 楚洲
14%
国頭村 半地
14%
国頭村 比地
14%
国頭村 辺戸
14%
国頭村 辺土名
14%
国頭村 辺野喜
14%
今帰仁村 天底
14%
今帰仁村 今泊
14%
今帰仁村 運天
14%
今帰仁村 兼次
14%
今帰仁村 上運天
14%
今帰仁村 越地
14%
今帰仁村 呉我山
14%
| 今帰仁村 崎山
14%
今帰仁村 諸志
14%
今帰仁村 謝名
14%
今帰仁村 玉城
14%
今帰仁村 渡喜仁
14%
| 今帰仁村 仲尾次
14%
今帰仁村 平敷
14%
今帰仁村 与那嶺
14%
今帰仁村 湧川
14%
東村 有銘
14%
東村 慶佐次
14%
東村 高江
14%
本部町 伊豆味
14%
本部町 伊野波
14%
本部町 浦崎
14%
本部町 大嘉陽
14%
本部町 嘉津宇
14%
本部町 北里
14%
本部町 新里
14%
本部町 瀬底
14%
本部町 渡久地
14%
本部町 並里
14%
本部町 野原
14%
本部町 浜元
14%
本部町 備瀬
14%
| 本部町 古島
14%
本部町 辺名地
14%
| 本部町 山川
14%
伊是名村 内花
14%
伊是名村 仲田
14%
伊平屋村 我喜屋
14%
伊平屋村 田名
14%
伊平屋村 野甫
14%
伊平屋村 前泊
14%
北大東村 中野
14%
久米島町 宇根
14%
久米島町 大原
14%
| 久米島町 嘉手苅
14%
| 久米島町 儀間
14%
久米島町 謝名堂
14%
久米島町 銭田
14%
久米島町 仲村渠
14%
久米島町 西銘
14%
久米島町 比屋定
14%
久米島町 真我里
14%
久米島町 真謝
14%
阿真
14%
慶留間
14%
大名
14%
神里
14%
津嘉山
14%
宮平
14%
与那覇
14%
南大東村 池之沢
14%
旧東
14%
在所
14%
新東
14%
| 中城村 | 八重瀬町 安里
14%
伊覇
14%
上田原
14%
大頓
14%
宜次
14%
具志頭
14%
後原
14%
志多伯
14%
高良
14%
当銘
14%
友寄
14%
富盛
14%
仲座
14%
長毛
14%
玻名城
14%
外間
14%
屋宜原
14%
世名城
14%
与那原町 東浜
14%
板良敷
14%
上与那原
14%
翁長
14%
金良
14%
我那覇
14%
座安
14%
瀬長
14%
高嶺
14%
高安
14%
田頭
14%
渡橋名
14%
豊崎
14%
名嘉地
14%
長堂
14%
根差部
14%
饒波
14%
真玉橋
14%
与根
14%
兼久
14%
久得
14%
水釜
14%
屋良
14%
熱田
14%
荻道
14%
喜舎場
14%
島袋
14%
瑞慶覧
14%
仲順
14%
渡口
14%
和仁屋
14%
北谷町 伊平
14%
大村
14%
上勢頭
14%
北前
14%
桑江
14%
砂辺
14%
玉上
14%
浜川
14%
吉原
14%
伊舎堂
14%
伊集
14%
北上原
14%
北浜
14%
久場
14%
添石
14%
津覇
14%
登又
14%
南上原
14%
南浜
14%
屋宜
14%
和宇慶
14%
西原町 東崎
14%
安室
14%
池田
14%
小那覇
14%
掛保久
14%
我謝
14%
小波津
14%
呉屋
14%
千原
14%
棚原
14%
津花波
14%
徳佐田
14%
森川
14%
宇座
14%
大湾
14%
喜名
14%
瀬名波
14%
楚辺
14%
高志保
14%
ときわ
14%
渡具知
14%
渡慶次
14%
都屋
14%
長浜
14%
波平
14%
比謝
14%
比謝矼
14%
古堅
14%
名護市 東江
14%
安部
14%
安和
14%
伊差川
14%
稲嶺
14%
宇茂佐
14%
宇茂佐の森
14%
運天原
14%
大浦
14%
大北
14%
大中
14%
大西
14%
大東
14%
大南
14%
親川
14%
勝山
14%
嘉陽
14%
川上
14%
我部
14%
我部祖河
14%
喜瀬
14%
許田
14%
久志
14%
源河
14%
幸喜
14%
古我知
14%
呉我
14%
数久田
14%
済井出
14%
瀬嵩
14%
汀間
14%
天仁屋
14%
仲尾
14%
中山
14%
為又
14%
二見
14%
振慶名
14%
真喜屋
14%
三原
14%
屋我
14%
屋部
14%
饒平名
14%
14%
旭町
14%
安次嶺
14%
天久
14%
泉崎
14%
上之屋
14%
宇栄原
14%
上間
14%
奥武山町
14%
大嶺
14%
鏡水
14%
垣花町
14%
金城
14%
鏡原町
14%
久茂地
14%
国場
14%
古波蔵
14%
識名
14%
首里赤田町
14%
首里赤平町
14%
首里池端町
14%
首里石嶺町
14%
首里大中町
14%
首里大名町
14%
首里金城町
14%
首里儀保町
14%
首里久場川町
14%
首里崎山町
14%
首里寒川町
14%
首里末吉町
14%
首里平良町
14%
首里汀良町
14%
首里当蔵町
14%
首里桃原町
14%
首里鳥堀町
14%
首里真和志町
14%
首里山川町
14%
住吉町
14%
大道
14%
14%
壺川
14%
壺屋
14%
通堂町
14%
仲井真
14%
繁多川
14%
東町
14%
樋川
14%
真地
14%
前島
14%
真嘉比
14%
松尾
14%
松川
14%
松島
14%
松山
14%
港町
14%
銘苅
14%
山下町
14%
寄宮
14%
若狭
14%
南城市 大里稲嶺
14%
大里大里
14%
大里大城
14%
大里平良
14%
大里高平
14%
大里仲間
14%
大里古堅
14%
大里嶺井
14%
佐敷伊原
14%
佐敷小谷
14%
佐敷兼久
14%
佐敷佐敷
14%
佐敷新開
14%
佐敷新里
14%
佐敷津波古
14%
佐敷手登根
14%
佐敷仲伊保
14%
佐敷冨祖崎
14%
佐敷屋比久
14%
玉城愛地
14%
玉城糸数
14%
玉城奥武
14%
玉城親慶原
14%
玉城垣花
14%
玉城喜良原
14%
玉城志堅原
14%
玉城玉城
14%
玉城當山
14%
玉城中山
14%
玉城仲村渠
14%
玉城百名
14%
玉城富里
14%
玉城船越
14%
玉城堀川
14%
玉城前川
14%
玉城屋嘉部
14%
知念安座真
14%
知念海野
14%
知念久高
14%
知念久手堅
14%
知念久原
14%
知念具志堅
14%
知念志喜屋
14%
知念山里
14%
知念吉富
14%
つきしろ
14%
多良間村 塩川
14%
仲筋
14%
水納
14%
宮古島市 伊良部池間添
14%
伊良部伊良部
14%
伊良部国仲
14%
伊良部佐和田
14%
伊良部仲地
14%
伊良部長浜
14%
伊良部前里添
14%
上野上野
14%
上野新里
14%
上野野原
14%
上野宮国
14%
城辺砂川
14%
城辺下里添
14%
城辺友利
14%
城辺長間
14%
城辺西里添
14%
城辺比嘉
14%
城辺福里
14%
城辺保良
14%
下地上地
14%
下地嘉手苅
14%
下地川満
14%
下地来間
14%
下地洲鎌
14%
下地与那覇
14%
平良池間
14%
平良大浦
14%
平良大神
14%
平良狩俣
14%
平良久貝
14%
平良島尻
14%
平良下里
14%
平良荷川取
14%
平良西里
14%
平良西仲宗根
14%
平良西原
14%
平良東仲宗根
14%
平良東仲宗根添
14%
平良前里
14%
平良松原
14%
小浜
14%
古見
14%
高那
14%
南風見仲
14%
鳩間
14%
No matching quizzes found
Score Distribution
Percent of People with Each Score
Percentile by Number Answered
Your Score History
You have not taken this quiz